000 00547nmm a2200169Ia 4500
008 251105s9999||||xx |||||||||||||||||und||
020 _a9788488906359
041 _aspa
100 _aWotjak, Gerd (ed.)
245 0 _aEl verbo español :
_b Aspectos morfosintácticos, sociolingüísticos y lexicogenéticos
264 _a[Madrid, España] :
_bIberoamericana Vervuert,
_c1996
300 _a192 páginas
490 _aLingüística Iberoamericana
650 _aGrammar
856 _uhttps://public.digitaliapublishing.com/a/56828
942 _cCF
999 _c87050
_d87050